Elephant seal island /

Describes the cyclical visitations of elephant seals to Ano Nuevo Island in the Pacific Ocean and relates the experiences of a male pup from birth to early adulthood.

Bibliographic Details
Main Author: Shaw, Evelyn S.
Other Authors: Pape, Cherryl
Format: Book
Language:English
Published: New York : Harper & Row, [1978]
Edition:1st ed.
Series:Science I can read book.
Subjects:

MARC

Tag First Indicator Second Indicator Subfields
LEADER 00000pam a2200000 i 4500
001 in00000029810
005 20151007062939.0
008 780120s1978 nyua j 00010 eng
010 |a  77025649  
020 |a 0060256036 :  |c $4.95 
020 |c lib. bdg. : 
020 |c $5.95 
035 |a (OCoLC)03631046 
035 |9 AAD6167AM 
040 |a DLC  |c DLC  |d TXA  |d UtOrBLW 
049 |a [Curr Col] TXAM  |c [980746] 
050 0 0 |a QL737.P64  |b S5 1978 
082 0 |a 599/.748 
100 1 |a Shaw, Evelyn S. 
245 1 0 |a Elephant seal island /  |c by Evelyn Shaw ; pictures by Cherryl Pape. 
250 |a 1st ed. 
264 1 |a New York :  |b Harper & Row,  |c [1978] 
264 4 |c ©1978 
300 |a 62 pages :  |b illustrations (some color) ;  |c 22 cm. 
336 |a text  |b txt  |2 rdacontent 
337 |a unmediated  |b n  |2 rdamedia 
338 |a volume  |b nc  |2 rdacarrier 
490 1 |a Science I can read book 
520 |a Describes the cyclical visitations of elephant seals to Ano Nuevo Island in the Pacific Ocean and relates the experiences of a male pup from birth to early adulthood. 
650 0 |a Elephant seals  |x Juvenile literature. 
650 1 |a Elephant seals. 
651 1 |a Seals (Animals) 
700 1 |a Pape, Cherryl. 
830 0 |a Science I can read book. 
999 |a MARS 
999 f f |s 15526258-b2ce-3753-9d02-f7c13f138e25  |i 9cf50212-c9a9-3d15-a6be-297e0171b63f  |t 0 
952 f f |p ric  |a Texas A&M University  |b Rellis Campus  |c Joint Library Facility  |d Remote Storage  |t 0  |e QL737.P64 S5 1978  |h Library of Congress classification  |i unmediated -- volume  |m A14800256967 
998 f f |a QL737.P64 S5 1978  |t 0  |l Remote Storage